000 00616cam a22002053a 4500
001 39578
003 PGUSA
005 20140828083859.0
008 120430s2012||||xxu|||||s|||||000 | eng d
040 _aPGUSA
_beng
042 _adc
100 1 _aFowler, Frank
245 1 4 _aThe Broncho Rider Boys on the Wyoming Trail :
_bA Mystery of the Prairie Stampede
_h[electronic resource] /
_cFrank Fowler
260 _bProject Gutenberg,
_c2012
506 _aPublic domain in the USA.
516 _aElectronic text
830 0 _aProject Gutenberg
_v39578
856 4 0 _uhttp://www.gutenberg.org/ebooks/39578
942 _cEB
999 _c268831
_d268831